000
00191nam a2200073Ia 4500
008
170524s9999 xx 000 0 und d
100
_a
ZIKMUND- WILLIAM G
245
0
_a
ESSENTIALS OF MARKETING RESEARCH
260
_b
N Y:THOMSON
999
_c
8524
_d
8524